|
|
|
|
| LEADER |
00000nam a22000005a 4500 |
| 001 |
vtls010519176 |
| 003 |
SK-MaSNL |
| 005 |
20260301090016.0 |
| 008 |
240314s2013 xo p g 000 0bslo |
| 015 |
|
|
|a SNBA2013/06
|
| 020 |
|
|
|a 9788097101312
|q (brož.)
|
| 040 |
|
|
|a SNK
|b slo
|c SNK
|e AACR2
|
| 041 |
0 |
|
|a slo
|
| 044 |
|
|
|a xo
|c SK
|
| 072 |
|
7 |
|a 27
|x Kresťanstvo. Kresťanská cirkev všeobecne. Ekleziológia
|2 konspekt
|
| 080 |
|
|
|a (059)
|2 2001
|
| 080 |
|
|
|a 27-36
|2 2001
|
| 080 |
|
|
|a (092)
|2 2001
|
| 100 |
1 |
|
|a Zoborská, Aľa
|4 aut
|9 417052
|
| 245 |
1 |
0 |
|a Svätožiara z kalendára
|c Aľa Zoborská, Milan Špilberger-Žitavský
|
| 250 |
|
|
|a [1. vyd.]
|
| 260 |
|
|
|a [S.l.]
|b Aľa Zoborská, Milan Špilberger-Žitavský
|c [ 2013]
|
| 300 |
|
|
|a [18] s.
|b fareb. ilustr.
|c 16 cm
|
| 500 |
|
|
|a Názov z obalu
|
| 504 |
|
|
|a Bibliog.: s. [18]
|
| 650 |
0 |
7 |
|a kresťanskí svätci
|2 SNKPH
|9 1605
|
| 650 |
0 |
7 |
|a Christian saints
|2 SNKPHeng
|9 282519
|
| 655 |
|
7 |
|a kalendáre
|2 SNKPH
|9 70450
|
| 655 |
|
7 |
|a Calendars
|2 SNKPHeng
|9 265208
|
| 655 |
|
7 |
|a biografie
|2 SNKPH
|9 27965
|
| 655 |
|
7 |
|a Biography
|2 SNKPHeng
|9 266314
|
| 700 |
1 |
|
|a Špilberger, Milan
|c (spisovateľ)
|4 aut
|9 15991
|
| 919 |
|
|
|a 978-80-971013-1-2
|
| 958 |
|
|
|a BC
|
| 958 |
|
|
|a NT
|
| 958 |
|
|
|a NB
|
| 999 |
|
|
|c 667163
|d 669093
|
| 952 |
|
|
|a SNK
|b SNK
|y PREZ
|7 0
|p 17A1069303
|o snkOSD 9736
|i snk2013/13495
|8 0
|0 0
|1 0
|4 0
|d 2013-06-12
|l 0
|r 2026-02-23 19:14:24
|w 2026-02-23
|
| 952 |
|
|
|a SNK
|b SNK
|y VYP
|7 0
|p 17A1069304
|o snkOSD 9736 D1
|i snk2013/13496
|8 0
|0 0
|1 0
|4 0
|d 2013-06-12
|l 0
|r 2026-02-23 19:14:24
|w 2026-02-23
|